50 Nameless Novels Quiz Stats

 Plays Quiz Updated Apr 30, 2015

Score 0/50 Timer 07:00
3 Plays Today
% Correct
Hunchback
92.8%
Wizard
92.5%
Count
91.3%
Kid
89.9%
Pauper
89.2%
Geisha
87.4%
Prisoner
86.2%
Vampire
85.5%
Bride
84.9%
Boy
83.5%
Whisperer
82.4%
Lover
82.2%
Girl
82.1%
King
81.9%
Wife
81.5%
Patient
80.2%
Collector
78.5%
Stranger
76.8%
Thief
74.1%
Shopaholic
73.9%
Indian
73.5%
Handmaid
70.1%
Prince
69.8%
Psycho
68%
Mermaid
66.8%
% Correct
Lieutenant
66.7%
Lawyer
60.2%
Son
59.1%
Woman
58.5%
Spy
56.4%
Lady
53.4%
Nephew
46.2%
Mayor
42.4%
Man
42.2%
Agent
42.1%
Daughter
42%
Princess
41.9%
Soldier
37%
Witch
36.6%
Aunt
36.5%
Murderer
34%
Vicar
33.5%
Archbishop
32.8%
Apprentice
31.4%
Cardinal
26.5%
Tenant
26%
Lord
19.9%
Master
19.6%
Mother
14.7%
Professor
6.4%

You're not logged in!

Compare scores with friends on all Sporcle quizzes.
OR
Log In

Show Comments

Extras

Top Quizzes Today


Score Distribution

Your Account Isn't Verified!

In order to create a playlist on Sporcle, you need to verify the email address you used during registration. Go to your Sporcle Settings to finish the process.

Report this User

Report this user for behavior that violates our Community Guidelines.

Details: